| 000 | 00936cab a2200277 4500 | ||
|---|---|---|---|
| 001 | ABS58992 | ||
| 008 | 090401t1998 xxu||||| |||| 00| 0 eng d | ||
| 035 | _a(Sirsi) u87496 | ||
| 041 | _aeng | ||
| 245 | _aProcurement: getting the OJ right | ||
| 260 | _c1998 | ||
| 350 | _a0 | ||
| 490 |
_aRIBA Journal _v105(7) July 1998, 87-88(2) |
||
| 520 | _aComments on the rules and rights available to British building contractors and architects under the EU public procurement regime. Discusses procurement rules, services regulations thresholds, rules relating to utilities contracts and, remedies. | ||
| 650 | _aCONTRACTING AUTHORITIES | ||
| 650 | _aEU | ||
| 650 | _aPROCUREMENT RULES | ||
| 650 | _aREGULATIONS | ||
| 650 | _aREMEDIES | ||
| 650 | _aTENDERING PROCEDURES | ||
| 650 | _aTHRESHOLDS | ||
| 650 | _aUTILITIES CONTRACTS | ||
| 690 | _aBUILT ENVIRONMENT-BUILDING CONTRACT FORMS | ||
| 942 | _n0 | ||
| 948 | _c20/07/1998 | ||
| 999 |
_c55194 _d55194 |
||